000 00374nam a2200133Ia 4500
005 20260326100027.0
008 260326s9999||||xx |||||||||||||| ||und||
100 _aLópez Morales, Francisco Javier
245 0 _aArquitectura Vernácula en México /
_cFrancisco Javier López Morales
260 _bTrillas
300 _a274 p.
650 _aARQUITECTURA REGIONAL
942 _cBK
999 _c6441
_d6441